[Event "Heusenstamm Sparkassen op 11th"]
[Site "Heusenstamm"]
[Date "2024.11.24"]
[Round "6"]
[White "Kuchta, Maksim"]
[Black "Pfarr, Michael"]
[Result "0-1"]
[WhiteElo "1711"]
[BlackElo "1954"]
[PlyCount "46"]
[EventDate "2024.11.21"]
[EventType "swiss"]
[EventRounds "7"]
[EventCountry "GER"]
[SourceTitle "CB51_2024"]
[SourceDate "2024.12.18"]
[SourceVersion "1"]
[SourceVersionDate "2024.12.18"]
[SourceQuality "1"]

1. e4 c5 2. Nf3 Nc6 3. d4 cxd4 4. Nxd4 Nf6 5. Nc3 e5 6. Ndb5 d6 7. f3 a6 8. Na3 b5 9. Nd5 Be6 10. Nxf6+ gxf6 11. c3 d5 12. Bd3 Bxa3 13. bxa3 Qa5 14. Qd2 Rd8 15. 0-0 d4 16. Bb2 dxc3 17. Bxc3 Qb6+ 18. Rf2 Bc4 19. Qh6 Rxd3 20. Qxf6 Rg8 21. Bxe5 Rg6 22. Qh8+ Ke7 23. Bg3 Rxg3 0-1

[Event "Heusenstamm Sparkassen op-B 7th"]
[Site "Heusenstamm"]
[Date "2021.11.21"]
[Round "7.42"]
[White "Kuchta, Maksim"]
[Black "Mueftahi, Tunay1"]
[Result "1-0"]
[WhiteElo "1490"]
[BlackElo "1286"]
[PlyCount "65"]
[EventDate "2021.11.18"]
[EventType "swiss"]
[EventRounds "7"]
[EventCountry "GER"]
[SourceTitle "EXT 2023"]
[Source "ChessBase"]
[SourceDate "2022.10.05"]
[SourceVersion "1"]
[SourceVersionDate "2022.10.05"]
[SourceQuality "1"]

1. e4 c5 2. Nf3 Nc6 3. d4 cxd4 4. Nxd4 g6 5. Nc3 Bg7 6. Be3 Nf6 7. Be2 b6 8. Nxc6 dxc6 9. Qxd8+ Kxd8 10. 0-0-0+ Bd7 11. Ba6 e6 12. Bb7 Rb8 13. Bxc6 Ke7 14. Bxd7 Nxd7 15. Bf4 Ra8 16. Rd2 a5 17. Rhd1 Rhd8 18. Bc7 Rdc8 19. Rxd7+ Kf6 20. Bxb6 Rab8 21. Bd4+ e5 22. Be3 Bf8 23. Ba7 Rb4 24. Nd5+ Kg7 25. Nxb4 Bxb4 26. a3 Bc5 27. Bxc5 Rxc5 28. Ra7 h5 29. Rdd7 Kh6 30. h4 Rc8 31. Rxf7 Rh8 32. f3 a4 33. g3 1-0

[Event "Heusenstamm Sparkassen op-B 7th"]
[Site "Heusenstamm"]
[Date "2021.11.18"]
[Round "1.6"]
[White "Kuchta, Maksim"]
[Black "Bardorz, Christoph"]
[Result "0-1"]
[WhiteElo "1490"]
[BlackElo "1764"]
[PlyCount "33"]
[EventDate "2021.11.18"]
[EventType "swiss"]
[EventRounds "7"]
[EventCountry "GER"]
[SourceTitle "EXT 2023"]
[Source "ChessBase"]
[SourceDate "2022.10.05"]
[SourceVersion "1"]
[SourceVersionDate "2022.10.05"]
[SourceQuality "1"]

1. e4 e5 2. Nf3 Nc6 3. d4 exd4 4. Nxd4 Bc5 5. Be3 Qf6 6. c3 Nge7 7. Bc4 Ne5 8. Be2 Qg6 9. f4 Qxe4 10. Qd2 Nd5 11. fxe5 Qxe3 12. Rf1 0-0 13. Kd1 Qxe5 14. Rf5 Ne3+ 15. Kc1 Nxf5 16. Nxf5 Qxf5 17. Na3 0-1

[Event "Heusenstamm Sparkassen op-B 6th"]
[Site "Heusenstamm"]
[Date "2019.11.22"]
[Round "2"]
[White "Schwab, Tizian"]
[Black "Kuchta, Maksim"]
[Result "1-0"]
[WhiteElo "1495"]
[BlackElo "1308"]
[PlyCount "51"]
[EventDate "2019.11.21"]
[EventType "swiss"]
[EventRounds "7"]
[EventCountry "GER"]
[SourceTitle "CBM 194 Extra"]
[Source "ChessBase"]
[SourceDate "2020.03.31"]
[SourceVersion "1"]
[SourceVersionDate "2020.03.31"]
[SourceQuality "1"]

1. e4 e6 2. d4 d5 3. e5 c5 4. c3 Nc6 5. Nf3 Qb6 6. a3 Nh6 7. b4 cxd4 8. cxd4 Nf5 9. Be3 Nxe3 10. fxe3 Bd7 11. Nc3 Rc8 12. Rc1 Be7 13. Na4 Qd8 14. Nc5 b6 15. Nxd7 Qxd7 16. Bb5 Qb7 17. Qa4 Kd7 18. Ba6 Qb8 19. Bxc8+ Rxc8 20. 0-0 h6 21. Rc2 Qb7 22. Rfc1 b5 23. Qb3 f6 24. exf6 Bxf6 25. Qd3 a5 26. bxa5 1-0

[Event "Heusenstamm Sparkassen op U14 5th"]
[Site "Heusenstamm"]
[Date "2018.11.25"]
[Round "6"]
[White "Kuchta, Maksim"]
[Black "Bauer, Laura Sophie"]
[Result "1-0"]
[WhiteElo "1023"]
[BlackElo "1366"]
[PlyCount "99"]
[EventDate "2018.11.23"]
[EventType "swiss"]
[EventRounds "7"]
[EventCountry "GER"]
[SourceTitle "CBM 188 Extra"]
[Source "ChessBase"]
[SourceDate "2019.02.28"]
[SourceVersion "1"]
[SourceVersionDate "2019.02.28"]
[SourceQuality "1"]

1. e4 e5 2. Nf3 Nc6 3. d4 d6 4. Bb5 a6 5. Bc4 Nf6 6. Nc3 Be7 7. d5 Na7 8. 0-0 c6 9. Be3 cxd5 10. Nxd5 Nxd5 11. Qxd5 Be6 12. Qd3 Bxc4 13. Qxc4 Nc6 14. Nd2 Bg5 15. Nf3 Bxe3 16. fxe3 0-0 17. Rf2 Qd7 18. Raf1 Qe6 19. Nd2 Qxc4 20. Nxc4 Rad8 21. Rd2 f6 22. a3 b5 23. Rxd6 Rxd6 24. Nxd6 Rd8 25. Rd1 b4 26. Kf2 Na5 27. Ke2 bxa3 28. bxa3 g6 29. c4 Nb3 30. Rd5 h5 31. Nb7 Rxd5 32. exd5 Kf8 33. c5 Nxc5 34. Nxc5 Ke8 35. Nxa6 Kd7 36. Kd3 e4+ 37. Kxe4 f5+ 38. Ke5 Kd8 39. Nc5 Kc7 40. d6+ Kd8 41. Ke6 g5 42. Nb7+ Kc8 43. d7+ Kxb7 44. d8Q Kc6 45. Qc8+ Kb5 46. Kd5 Kb6 47. Qc6+ Ka5 48. Qb7 g4 49. Kc4 Ka4 50. Qb4# 1-0

[Event "Heusenstamm Sparkassen op U14 5th"]
[Site "Heusenstamm"]
[Date "2018.11.25"]
[Round "5"]
[White "Meng, Yuxuan"]
[Black "Kuchta, Maksim"]
[Result "1-0"]
[WhiteElo "1274"]
[BlackElo "1023"]
[PlyCount "56"]
[EventDate "2018.11.23"]
[EventType "swiss"]
[EventRounds "7"]
[EventCountry "GER"]
[SourceTitle "CBM 188 Extra"]
[Source "ChessBase"]
[SourceDate "2019.02.28"]
[SourceVersion "1"]
[SourceVersionDate "2019.02.28"]
[SourceQuality "1"]

1. e4 e5 2. Nf3 Nc6 3. d4 exd4 4. Nxd4 Bc5 5. Be3 Qf6 6. c3 Nge7 7. Bc4 0-0 8. 0-0 d6 9. Qd3 Qe5 10. Kh1 Qh5 11. Nd2 Ne5 12. Qe2 Qxe2 13. Bxe2 Bd7 14. Rad1 Bg4 15. f3 Bd7 16. Nc4 Nxc4 17. Bxc4 a6 18. Rfe1 Rad8 19. Bg5 Rfe8 20. Nf5 Bxf5 21. exf5 Rd7 22. Re2 Kf8 23. Rde1 f6 24. Bh4 g5 25. fxg6 d5 26. gxh7 Kg7 27. Bd3 Kh8 28. Re6 Bd6 1-0

[Event "Heusenstamm Sparkassen op U14 5th"]
[Site "Heusenstamm"]
[Date "2018.11.24"]
[Round "2"]
[White "Ninnemann, Patrick"]
[Black "Kuchta, Maksim"]
[Result "0-1"]
[WhiteElo "799"]
[BlackElo "1023"]
[PlyCount "44"]
[EventDate "2018.11.23"]
[EventType "swiss"]
[EventRounds "7"]
[EventCountry "GER"]
[SourceTitle "CBM 188 Extra"]
[Source "ChessBase"]
[SourceDate "2019.02.28"]
[SourceVersion "1"]
[SourceVersionDate "2019.02.28"]
[SourceQuality "1"]

1. e4 e5 2. Nf3 Nc6 3. Bc4 Bc5 4. 0-0 Nf6 5. Nc3 0-0 6. d3 d6 7. Bg5 h6 8. Bh4 Bg4 9. h3 Bh5 10. Nd5 g5 11. Nxf6+ Qxf6 12. Bg3 Nd4 13. c3 Nxf3+ 14. gxf3 Bxf3 15. Qd2 Kh7 16. b4 Bb6 17. Rfe1 Rg8 18. Bd5 c6 19. Bc4 g4 20. hxg4 Rxg4 21. b5 Qh4 22. bxc6 Qh1# 0-1